000 00277nam a22001217a 4500
008 180420b xxu||||| |||| 00| 0 eng d
041 _aeng
080 _a043.3
100 _a0
101 _aSHKI-BTH
245 _aMesh Chat- Wireless Mesh Network
_cShabani,A
942 _2udc
_cBK
999 _c45340
_d45340